|
|
|
|
| LEADER |
01019nam a2200241 a 4500 |
| 001 |
308019 |
| 008 |
090825r20001995gw 000 0 eng d |
| 010 |
|
|
|a 73075018
|
| 020 |
|
|
|a 0387061770 (New York)
|
| 040 |
|
|
|a DLC
|c DLC
|d DLC
|
| 082 |
0 |
0 |
|a 512/.74
|2 1
|
| 100 |
1 |
|
|a Malik,S.B.
|
| 245 |
1 |
0 |
|a Basic number theory/
|c S.B. Malik
|
| 250 |
|
|
|a 2d revised ed.
|
| 260 |
|
|
|a Berlin;
|a New York;
|a New Delhi:
|b Springer-Verlag;
|b Vikas Publishing House,
|c 1995[reprinted 2000].
|
| 300 |
|
|
|a 212 p.
|c 21 cm.
|
| 541 |
1 |
|
|e 00011891
|
| 650 |
|
0 |
|a Number theory.
|
| 650 |
|
0 |
|a Class field theory.
|
| 852 |
4 |
|
|a Ayesha Abed Library
|j General Shelf.
|
| 999 |
|
|
|c 3755
|d 3755
|
| 952 |
|
|
|0 0
|1 0
|2 ddc
|4 0
|6 512_740000000000000_MAL
|7 0
|9 3407
|a BRACUL
|b BRACUL
|c GEN
|d 2009-09-03
|g 83.00
|l 4
|m 27
|o 512.74 MAL
|p 3010011891
|r 2023-09-04
|s 2023-07-26
|t 1
|w 2009-09-03
|y BK
|x RS-70.00
|
| 952 |
|
|
|0 0
|1 0
|2 ddc
|4 0
|6 512_740000000000000_MAL_2000
|7 0
|9 9603
|a BRACUL
|b BRACUL
|c GEN
|d 2010-05-02
|l 1
|m 28
|o 512.74 MAL
|p 3010011508
|q 2026-06-02
|r 2025-10-08
|s 2025-10-08
|t 2
|w 2010-05-02
|y BK
|